MARC details
| 000 -LEADER |
| fixed length control field |
01895cab a2200289 4500 |
| 001 - CONTROL NUMBER |
| control field |
L130624 |
| 008 - FIXED-LENGTH DATA ELEMENTS--GENERAL INFORMATION |
| fixed length control field |
050818n2005 000 0 eng u |
| 035 ## - SYSTEM CONTROL NUMBER |
| System control number |
(Sirsi) u130624 |
| 041 ## - LANGUAGE CODE |
| Language code of text/sound track or separate title |
eng |
| 245 ## - TITLE STATEMENT |
| Title |
Regulations |
| 260 ## - PUBLICATION, DISTRIBUTION, ETC. |
| Date of publication, distribution, etc. |
2005 |
| 490 ## - SERIES STATEMENT |
| Series statement |
Building |
| Volume/sequential designation |
July 2005 (46) (LOAN) |
| 520 ## - SUMMARY, ETC. |
| Summary, etc. |
Series of articles covering various parts of the Building Regulations including: the likely targets of Part L on energy efficiency; what enforcement of airtightness will mean for contractors; the change to energy performance calculation methods; the EU energy efficiency directive itself; government response to the Code for sustainable buildings; choices for designers in installing measures to help save lives in Part B; the work of Robust Details Ltd in Part E on acoustics; how Part F on ventilation may conflict with Part L; the effect of changes to Part H on waste disposal on housebuilders; Part M and British Standards; guide to complying with Part P and the self-certification schemes available; the Building (Scotland) Act 2003 and; a round up of latest changes to health and safety regulations, including the vibration directive. |
| 590 ## - LOCAL NOTE (RLIN) |
| Local note |
IKA300805 |
| 650 ## - SUBJECT ADDED ENTRY--TOPICAL TERM |
| Topical term or geographic name entry element |
BUILDING REGULATIONS 1991 |
| 650 ## - SUBJECT ADDED ENTRY--TOPICAL TERM |
| Topical term or geographic name entry element |
BUILDING REGULATIONS 2000 APPROVED DOCUMENT L1 (2002 EDITION) |
| 650 ## - SUBJECT ADDED ENTRY--TOPICAL TERM |
| Topical term or geographic name entry element |
CODE FOR SUSTAINABLE BUILDINGS |
| 650 ## - SUBJECT ADDED ENTRY--TOPICAL TERM |
| Topical term or geographic name entry element |
BUILDING REGULATIONS 1991 APPROVED DOCUMENT B (2000 EDITION) |
| 650 ## - SUBJECT ADDED ENTRY--TOPICAL TERM |
| Topical term or geographic name entry element |
BUILDING REGULATIONS 2000 APPROVED DOCUMENT E (2003 EDITION) |
| 650 ## - SUBJECT ADDED ENTRY--TOPICAL TERM |
| Topical term or geographic name entry element |
BUILDING REGULATIONS 1991 APPROVED DOCUMENT F (1995 EDITION) |
| 650 ## - SUBJECT ADDED ENTRY--TOPICAL TERM |
| Topical term or geographic name entry element |
BUILDING REGULATIONS 2000 APPROVED DOCUMENT H (2002 EDITION) |
| 650 ## - SUBJECT ADDED ENTRY--TOPICAL TERM |
| Topical term or geographic name entry element |
BUILDING REGULATIONS 2000 APPROVED DOCUMENT M (2004 EDITION) |
| 650 ## - SUBJECT ADDED ENTRY--TOPICAL TERM |
| Topical term or geographic name entry element |
BUILDING REGULATIONS 2000 APPROVED DOCUMENT P (2005 EDITION) |
| 650 ## - SUBJECT ADDED ENTRY--TOPICAL TERM |
| Topical term or geographic name entry element |
BUILDING (SCOTLAND) ACT 2003 |
| 690 ## - LOCAL SUBJECT ADDED ENTRY--TOPICAL TERM (OCLC, RLIN) |
| Topical term or geographic name as entry element |
Building regulations |
| 9 (RLIN) |
6224 |
| 942 ## - ADDED ENTRY ELEMENTS (KOHA) |
| Suppress in OPAC |
0 |